Análisis multivariable : (Registro nro. 53092)

Detalles MARC
000 -LEADER
campo de control de longitud fija 01855cam a2200541 4500
003 - IDENTIFICADOR DE NÚMERO DE CONTROL
campo de control PE-LiUPU
005 - FECHA Y HORA DE LA ÚLTIMA TRANSACCIÓN
campo de control 20250731180146.0
020 ## - NÚMERO INTERNACIONAL ESTÁNDAR DEL LIBRO
Número Internacional Estándar del Libro 8477389438
035 ## - NÚMERO DE CONTROL DEL SISTEMA
Número de control de sistema (Sirsi) i9788477389439
035 ## - NÚMERO DE CONTROL DEL SISTEMA
Número de control de sistema (Sirsi) 46694
035 ## - NÚMERO DE CONTROL DEL SISTEMA
Número de control de sistema (Sirsi) 46694
041 ## - CÓDIGO DE IDIOMA
Código de lengua del texto/banda sonora o título independiente es
044 ## - CÓDIGO DEL PAÍS DE LA ENTIDAD EDITORA/PRODUCTORA
Código MARC del país es
082 04 - NÚMERO DE LA CLASIFICACIÓN DECIMAL DEWEY
Número de clasificación 516.53
Cutter C39
100 1# - ENTRADA PRINCIPAL--NOMBRE DE PERSONA
Nombre de persona Cea D'Ancona, Ma. Ángeles
245 ## - MENCIÓN DEL TÍTULO
Título Análisis multivariable :
Resto del título teoría y práctica en la investigación social /
Mención de responsabilidad, etc. Ángels Cea D'Ancona.
264 #1 - PRODUCCIÓN, PUBLICACIÓN, DISTRIBUCIÓN, FABRICACIÓN Y COPYRIGHT
Producción, publicación, distribución, fabricación y copyright Madrid :
Nombre del de productor, editor, distribuidor, fabricante Editorial Síntesis,
Fecha de producción, publicación, distribución, fabricación o copyright 2004
300 ## - DESCRIPCIÓN FÍSICA
Extensión 638 páginas :
Otras características físicas ilustraciones ;
Dimensiones 23 cm.
490 0# - MENCIÓN DE SERIE
Mención de serie Manuales
Designación de volumen o secuencia 6
505 0# - NOTA DE CONTENIDO CON FORMATO
Nota de contenido con formato Regresión múltiple -- Análisis "Logit" -- Análisis de conglomerados -- Análisis discriminante -- Análisis Factorial -- Ecuaciones Estructurales
526 ## - NOTA DE INFORMACIÓN SOBRE EL PROGRAMA DE ESTUDIO
Nombre del programa Segunda Especialidad En Estadística Aplicada Para Investigación (A Distancia)
526 ## - NOTA DE INFORMACIÓN SOBRE EL PROGRAMA DE ESTUDIO
Nombre del programa Segunda Especialidad En Estadística Aplicada Para Investigación
526 ## - NOTA DE INFORMACIÓN SOBRE EL PROGRAMA DE ESTUDIO
Nombre del programa Odontología
526 ## - NOTA DE INFORMACIÓN SOBRE EL PROGRAMA DE ESTUDIO
Nombre del programa Tecnología Médica En Terapia Física Y Rehabilitación (A Distancia)
526 ## - NOTA DE INFORMACIÓN SOBRE EL PROGRAMA DE ESTUDIO
Nombre del programa Tecnología Médica En Terapia Física Y Rehabilitación (Semipresencial)
526 ## - NOTA DE INFORMACIÓN SOBRE EL PROGRAMA DE ESTUDIO
Nombre del programa Tecnología Médica En Laboratorio Clínico Y Anatomía Patológica
526 ## - NOTA DE INFORMACIÓN SOBRE EL PROGRAMA DE ESTUDIO
Nombre del programa Ingeniería De Ciencia De Datos E Inteligencia Artificial
526 ## - NOTA DE INFORMACIÓN SOBRE EL PROGRAMA DE ESTUDIO
Nombre del programa Ingeniería Ambiental (Semipresencial)
526 ## - NOTA DE INFORMACIÓN SOBRE EL PROGRAMA DE ESTUDIO
Nombre del programa Nutrición humana
526 ## - NOTA DE INFORMACIÓN SOBRE EL PROGRAMA DE ESTUDIO
Nombre del programa Medicina humana
526 ## - NOTA DE INFORMACIÓN SOBRE EL PROGRAMA DE ESTUDIO
Nombre del programa Ingeniería de industrias alimentarias
526 ## - NOTA DE INFORMACIÓN SOBRE EL PROGRAMA DE ESTUDIO
Nombre del programa Ingeniería civil
526 ## - NOTA DE INFORMACIÓN SOBRE EL PROGRAMA DE ESTUDIO
Nombre del programa Ingeniería ambiental
526 ## - NOTA DE INFORMACIÓN SOBRE EL PROGRAMA DE ESTUDIO
Nombre del programa Enfermería
526 ## - NOTA DE INFORMACIÓN SOBRE EL PROGRAMA DE ESTUDIO
Nombre del programa Educación secundaria, especialidad matemática e informática
526 ## - NOTA DE INFORMACIÓN SOBRE EL PROGRAMA DE ESTUDIO
Nombre del programa Educación secundaria, especialidad ambiental, biología y química
596 ## -
-- 1
650 14 - PUNTO DE ACCESO ADICIONAL DE MATERIA--TÉRMINO DE MATERIA
Término de materia o nombre geográfico como elemento de entrada Ciencias sociales
Subdivisión general Investigación
Subdivisión de forma Metodologia.
650 24 - PUNTO DE ACCESO ADICIONAL DE MATERIA--TÉRMINO DE MATERIA
Término de materia o nombre geográfico como elemento de entrada Sociologia
Subdivisión general Investigación.
650 24 - PUNTO DE ACCESO ADICIONAL DE MATERIA--TÉRMINO DE MATERIA
Término de materia o nombre geográfico como elemento de entrada Estadística matemàtica
Subdivisión de forma Manuales.
859 ## - INFORMACIÓN DE CONTROL LOCAL (RLIN)
-- 64304
-- 516.53
-- C39
942 ## - ELEMENTOS DE ENTRADA SECUNDARIOS (KOHA)
Fuente del sistema de clasificación o colocación Clasificación Decimal Dewey
Tipo de ítem Koha
949 ## - PROCESAMIENTO DE INFORMACIÓN LOCAL (OCLC)
a 516.53 C39
i 64304
l CCODEBUL1
m BUL
t LIBRO
o .STAFF. Colección General
910 ## - DATOS DE OPCIÓN DEL USUARIO (OCLC)
Datos de opción del usuario gl
-- jv
-- ng
-- 20120220
999 ## - NÚMEROS DE CONTROL DE SISTEMA (KOHA)
-- DEWEY
-- 64304
-- 2016-6-7
-- 2021-11-8
-- 5
-- CCODEBUL1
-- BUL
-- 1
-- 76.00
-- 2
-- 0
-- Y
-- BOOK
-- 2015-7-6
-- EDUCACION
-- P57
-- COMPRA
-- .CIRCNOTE. No olvidar cambiar la fecha de devolución!!!!!!!
-- .STAFF. Colección General
980 ## - EQUIVALENCIA O REFERENCIA-CRUZADA-MENCIÓN DE SERIE--NOMBRE DE PERSONA/TÍTULO [LOCAL, CANADÁ]
ID del último usuario que modificó el registro 1
Nombre del último usuario que modificó el registro ALBERTO SANCHEZ Responsable de Automatización
Existencias
Visto por última vez Número de inventario Total de préstamos Signatura topográfica completa Código de barras Fecha del último préstamo Copia número Coste, precio de reemplazo Fecha de reemplazo Facultad Tipo de ítem Koha Nota pública Estado de pérdida Fuente del sistema de clasificación o colocación Restricciones de uso No para préstamo Colección Programa académico Biblioteca de origen Biblioteca actual Ubicación en estantería Fecha de adquisición Fuente de adquisición Coste, precio normal de compra
2025-12-02 6 1 516.53 C39 64304 2016-06-07 e1 81.00 2015-07-06 FACIHED Libros físicos inventario-2023-12-13 No Perdido Clasificación Decimal Dewey No restringido Disponible para préstamos Colección General Educación secundaria, especialidad matemática e informática Biblioteca CRAI UPeU Lima Biblioteca CRAI UPeU Lima Sala principal 2015-07-06 COMPRA 76.00